[Event "Chessheroes Superhero Challenge 2022"]
[Site "Randburg"]
[Date "2022.01.05"]
[Round "4.2"]
[White "Klaver, Cornelis"]
[Black "Hercules, Benjamin Vincent"]
[Result "1/2-1/2"]
[WhiteElo "2050"]
[BlackElo "2101"]
[Annotator "NA"]
[PlyCount "48"]
[EventDate "2022.01.05"]
[EventType "tourn"]
[EventCountry "RSA"]
[SourceTitle "playchess.com"]
[Source "ChessBase"]
[SourceQuality "1"]
[TimeControl "5400+30"]

1. c4 {[%emt 0:00:17]} e6 {[%emt 0:00:40]} 2. Nc3 {[%emt 0:02:20]} d5 {[%emt 0:00:28]} 3. cxd5 {[%emt 0:01:14]} exd5 {[%emt 0:00:10]} 4. d4 {[%emt 0:00:11]} c6 {[%emt 0:01:17]} 5. Bf4 {[%emt 0:02:21]} Bf5 {[%emt 0:06:36]} 6. f3 {[%emt 0:01:18]} Bg6 {[%emt 0:13:10]} 7. e4 {[%emt 0:08:33]} dxe4 {[%emt 0:03:12]} 8. fxe4 {[%emt 0:00:12]} Nf6 {[%emt 0:00:49]} 9. Bc4 {[%emt 0:23:48]} b5 {[%emt 0:12:14]} 10. Bd3 {[%emt 0:23:44]} b4 {[%emt 0:02:29]} 11. Nce2 {[%emt 0:09:17]} Bxe4 {[%emt 0:33:11]} 12. Bxe4 {[%emt 0:00:24]} Nxe4 {[%emt 0:00:08]} 13. Bxb8 {[%emt 0:00:32]} Rxb8 {[%emt 0:00:10]} 14. Qc2 {[%emt 0:00:06]} Nf6 {[%emt 0:03:02]} 15. Qxc6+ {[%emt 0:00:40]} Qd7 {[%emt 0:01:33]} 16. Qxd7+ {[%emt 0:00:39]} Nxd7 {[%emt 0:00:06]} 17. Nf3 {[%emt 0:06:40]} Bd6 {[%emt 0:00:12]} 18. O-O {[%emt 0:00:22]} O-O {[%emt 0:01:25]} 19. Rac1 {[%emt 0:02:13]} Rfe8 {[%emt 0:00:50]} 20. Rc6 {[%emt 0:05:31]} Rb6 {[%emt 0:01:41]} 21. Rxb6 {[%emt 0:01:32]} axb6 {[%emt 0:00:41]} 22. Re1 {[%emt 0:01:07]} Kf8 {[%emt 0:02:41]} 23. Nc1 {[%emt 0:00:28]} Rc8 {[%emt 0:00:25]} 24. Nd3 {[%emt 0:00:26]} Ra8 {[%emt 0:00:46]} 1/2-1/2

[Event "Chessheroes Superhero Challenge 2022"]
[Site "Randburg"]
[Date "2022.01.05"]
[Round "4.3"]
[White "Lekgau, Mothupi"]
[Black "Mazibuko, Khanya"]
[Result "1-0"]
[WhiteElo "1940"]
[BlackElo "1940"]
[Annotator "NA"]
[PlyCount "87"]
[EventDate "2022.01.05"]
[EventType "tourn"]
[EventCountry "RSA"]
[SourceTitle "playchess.com"]
[Source "ChessBase"]
[SourceQuality "1"]
[TimeControl "5400+30"]

1. e4 {[%emt 0:00:04]} e5 {[%emt 0:01:57]} 2. Nf3 {[%emt 0:00:09]} Nc6 {[%emt 0:00:09]} 3. Bb5 {[%emt 0:00:31]} a6 {[%emt 0:00:10]} 4. Bxc6 {[%emt 0:00:10]} dxc6 {[%emt 0:00:09]} 5. d4 {[%emt 0:00:09]} exd4 {[%emt 0:00:28]} 6. Qxd4 {[%emt 0:05:06]} Qxd4 {[%emt 0:00:02]} 7. Nxd4 {[%emt 0:00:06]} Bd7 {[%emt 0:00:02]} 8. Bg5 {[%emt 0:01:30]} f6 {[%emt 0:01:41]} 9. Be3 {[%emt 0:00:30]} O-O-O {[%emt 0:00:08]} 10. Nd2 {[%emt 0:00:36]} c5 {[%emt 0:02:38]} 11. Ne2 {[%emt 0:01:14]} b6 {[%emt 0:00:29]} 12. O-O-O {[%emt 0:00:17]} Ne7 {[%emt 0:00:33]} 13. h3 {[%emt 0:00:57]} Nc6 {[%emt 0:00:09]} 14. f4 {[%emt 0:01:17]} g6 {[%emt 0:01:00]} 15. Nc3 {[%emt 0:02:08]} Be6 {[%emt 0:01:38]} 16. g4 {[%emt 0:05:24]} Nd4 {[%emt 0:00:09]} 17. f5 {[%emt 0:01:13]} Bf7 {[%emt 0:00:16]} 18. Nb3 {[%emt 0:01:11]} Nxb3+ {[%emt 0:03:31]} 19. axb3 {[%emt 0:00:25]} Bd6 {[%emt 0:00:02]} 20. Rhf1 {[%emt 0:05:56]} Be5 {[%emt 0:00:45]} 21. Bf4 {[%emt 0:01:02]} Rxd1+ {[%emt 0:00:35]} 22. Nxd1 {[%emt 0:00:14]} Bxf4+ {[%emt 0:00:58]} 23. Rxf4 {[%emt 0:00:03]} g5 {[%emt 0:00:02]} 24. Rf3 {[%emt 0:01:12]} h5 {[%emt 0:00:02]} 25. Nf2 {[%emt 0:00:44]} hxg4 {[%emt 0:00:04]} 26. hxg4 {[%emt 0:01:27]} Rh2 {[%emt 0:01:52]} 27. Kd2 {[%emt 0:02:19]} Kd7 {[%emt 0:00:19]} 28. Ke3 {[%emt 0:00:48]} Kd6 {[%emt 0:01:08]} 29. Rh3 {[%emt 0:00:36]} Rxh3+ {[%emt 0:00:09]} 30. Nxh3 {[%emt 0:00:04]} c4 {[%emt 0:00:23]} 31. b4 {[%emt 0:01:03]} c5 {[%emt 0:00:10]} 32. c3 {[%emt 0:00:16]} cxb4 {[%emt 0:00:07]} 33. cxb4 {[%emt 0:00:14]} Kc6 {[%emt 0:00:01]} 34. Kd4 {[%emt 0:00:39]} Kb5 {[%emt 0:00:08]} 35. Kc3 {[%emt 0:00:08]} Kc6 {[%emt 0:01:23]} 36. e5 {[%emt 0:01:14]} fxe5 {[%emt 0:00:14]} 37. Nxg5 {[%emt 0:00:05]} Bd5 {[%emt 0:00:04]} 38. Nh7 {[%emt 0:02:06]} Kd6 {[%emt 0:12:41]} 39. Nf6 {[%emt 0:01:19]} Bf7 {[%emt 0:21:21]} 40. g5 {[%emt 0:01:37]} Ke7 {[%emt 0:01:01]} 41. Ng4 {[%emt 0:00:24]} Kd6 {[%emt 0:06:53]} 42. g6 {[%emt 0:01:05]} Bd5 {[%emt 0:00:04]} 43. f6 {[%emt 0:02:11]} e4 {[%emt 0:03:05]} 44. Kd4 {[%emt 0:00:41]} 1-0

[Event "Chessheroes Superhero Challenge 2022"]
[Site "Randburg"]
[Date "2022.01.05"]
[Round "4.4"]
[White "Du Plessis, Heinco"]
[Black "Parodi, Alessandro"]
[Result "0-1"]
[WhiteElo "2003"]
[BlackElo "1997"]
[Annotator "NA"]
[PlyCount "62"]
[EventDate "2022.01.05"]
[EventType "tourn"]
[EventCountry "RSA"]
[SourceTitle "playchess.com"]
[Source "ChessBase"]
[SourceQuality "1"]
[TimeControl "5400+30"]

1. e4 {[%emt 0:00:14]} g6 {[%emt 0:00:04]} 2. d4 {[%emt 0:00:03]} Bg7 {[%emt 0:00:06]} 3. Nc3 {[%emt 0:00:03]} d6 {[%emt 0:00:12]} 4. Nf3 {[%emt 0:01:49]} a6 {[%emt 0:00:41]} 5. a4 {[%emt 0:01:13]} b6 {[%emt 0:00:35]} 6. Be2 {[%emt 0:02:03]} Bb7 {[%emt 0:00:12]} 7. O-O {[%emt 0:00:36]} Nf6 {[%emt 0:01:39]} 8. d5 {[%emt 0:03:34]} Nbd7 {[%emt 0:01:15]} 9. Nd4 {[%emt 0:08:41]} Nc5 {[%emt 0:02:05]} 10. Bf3 {[%emt 0:02:52]} O-O {[%emt 0:03:24]} 11. b4 {[%emt 0:13:12]} Ncd7 {[%emt 0:01:51]} 12. a5 {[%emt 0:05:31]} b5 {[%emt 0:01:05]} 13. Be3 {[%emt 0:57:09]} Rc8 {[%emt 0:06:23]} 14. h3 {[%emt 0:00:00]} Ba8 {[%emt 0:02:34]} 15. Qd2 {[%emt 0:00:00]} Re8 {[%emt 0:02:23]} 16. g4 {[%emt 0:00:00]} c5 {[%emt 0:02:21]} 17. dxc6 {[%emt 0:00:00]} Ne5 {[%emt 0:00:33]} 18. Be2 {[%emt 0:00:00]} Nxc6 {[%emt 0:00:31]} 19. g5 {[%emt 0:00:00]} Nd7 {[%emt 0:04:09]} 20. Rab1 {[%emt 0:00:00]} Nce5 {[%emt 0:01:28]} 21. f3 {[%emt 0:00:00]} Nc4 {[%emt 0:00:43]} 22. Bxc4 {[%emt 0:00:00]} Rxc4 {[%emt 0:00:14]} 23. Nce2 {[%emt 0:00:00]} Ne5 {[%emt 0:07:47]} 24. f4 {[%emt 0:00:32]} Nc6 {[%emt 0:00:44]} 25. Nxc6 {[%emt 0:04:52]} Bxc6 {[%emt 0:00:27]} 26. Bb6 {[%emt 0:00:26]} Qc8 {[%emt 0:00:54]} 27. Rb3 {[%emt 0:00:34]} Bxe4 {[%emt 0:01:12]} 28. Ng3 {[%emt 0:00:02]} Rxc2 {[%emt 0:01:24]} 29. Nxe4 {[%emt 0:00:52]} Rxd2 {[%emt 0:00:43]} 30. Nxd2 {[%emt 0:00:01]} Qc2 {[%emt 0:00:54]} 31. Be3 {[%emt 0:00:01]} Bc3 {[%emt 0:01:25]} 0-1

[Event "Chessheroes Superhero Challenge 2022"]
[Site "Randburg"]
[Date "2022.01.06"]
[Round "5.1"]
[White "February, Jesse Nikki"]
[Black "Lekgau, Mothupi"]
[Result "1-0"]
[WhiteElo "1845"]
[BlackElo "1940"]
[Annotator "ChessBase"]
[PlyCount "105"]
[EventDate "2022.01.05"]
[EventType "tourn"]
[EventCountry "RSA"]
[SourceTitle "playchess.com"]
[Source "ChessBase"]
[SourceQuality "1"]
[TimeControl "5400+30"]

1. e4 {[%emt 0:01:30]} d6 {[%emt 0:00:20]} 2. d4 {[%emt 0:00:16]} e5 {[%emt 0:00:07]} 3. dxe5 {[%emt 0:01:33]} dxe5 {[%emt 0:01:34]} 4. Qxd8+ {[%emt 0:02:49]} Kxd8 {[%emt 0:01:13]} 5. f4 {[%emt 0:00:11]} Nd7 {[%emt 0:03:42]} 6. Nf3 {[%emt 0:01:15]} f6 {[%emt 0:00:15]} 7. Bc4 {[%emt 0:01:02]} Bd6 {[%emt 0:02:53]} 8. g3 {[%emt 0:06:24]} c6 {[%emt 0:01:34]} 9. Nc3 {[%emt 0:01:14]} Kc7 {[%emt 0:01:38]} 10. Be3 {[%emt 0:04:15]} Ne7 {[%emt 0:02:23]} 11. O-O-O {[%emt 0:01:46]} Nb6 {[%emt 0:01:32]} 12. Be2 {[%emt 0:05:43]} Be6 {[%emt 0:03:58]} 13. fxe5 {[%emt 0:01:57]} Bxe5 {[%emt 0:04:02]} 14. Nxe5 {[%emt 0:00:54]} fxe5 {[%emt 0:00:05]} 15. b3 {[%emt 0:00:54]} Rad8 {[%emt 0:02:23]} 16. a4 {[%emt 0:03:17]} Nbc8 {[%emt 0:01:47]} 17. b4 {[%emt 0:04:39]} b6 {[%emt 0:03:42]} 18. Kb2 {[%emt 0:07:41]} h6 {[%emt 0:01:35]} 19. b5 {[%emt 0:01:58]} c5 {[%emt 0:02:21]} 20. a5 {[%emt 0:01:32]} Nd6 {[%emt 0:01:06]} 21. Ra1 {[%emt 0:05:10]} Kb7 {[%emt 0:02:10]} 22. Ra4 {[%emt 0:02:03]} Nec8 {[%emt 0:10:16]} 23. Rha1 {[%emt 0:03:04]} Ne8 {[%emt 0:02:53]} 24. Nd5 {[%emt 0:05:57]} Nc7 {[%emt 0:07:59]} 25. c4 {[%emt 0:08:17]} Rhf8 {[%emt 0:02:16]} 26. axb6 {[%emt 0:08:00]} axb6 {[%emt 0:00:44]} 27. Bh5 {[%emt 0:03:08]} g5 {[%emt 0:05:41]} 28. Be2 {[%emt 0:05:03]} Rd6 {[%emt 0:03:27]} 29. Kc3 {[%emt 0:02:47]} Nxd5+ {[%emt 0:06:12]} 30. cxd5 {[%emt 0:02:23]} Bd7 {[%emt 0:00:53]} 31. Ra8 {[%emt 0:00:35]} Kc7 {[%emt 0:04:20]} 32. R1a6 {[%emt 0:02:16]} Rff6 {[%emt 0:01:51]} 33. Kc4 {[%emt 0:02:26]} Rf7 {[%emt 0:01:54]} 34. h4 {[%emt 0:01:15]} gxh4 {[%emt 0:01:30]} 35. gxh4 {[%emt 0:00:10]} Rdf6 {[%emt 0:01:11]} 36. Kc3 {[%emt 0:02:01]} Nd6 {[%emt 0:00:51]} 37. R6a7+ {[%emt 0:00:35]} Nb7 {[%emt 0:00:05]} 38. Kc4 {[%emt 0:01:02]} Bc8 {[%emt 0:01:02]} 39. Bg1 {[%emt 0:01:35]} Kd8 {[%emt 0:01:08]} 40. Kc3 {[%emt 0:01:16]} Nd6 {[%emt 0:00:58]} 41. Rxf7 {[%emt 0:00:30]} Rxf7 {[%emt 0:00:22]} 42. Bg4 {[%emt 0:00:36]} Nxb5+ {[%emt 0:02:32]} 43. Kd3 {[%emt 0:00:02]} Nd6 {[%emt 0:01:01]} 44. Bh2 {[%emt 0:00:03]} Re7 {[%emt 0:00:30]} 45. Be6 {[%emt 0:00:22]} Kc7 {[%emt 0:03:03]} 46. Ra7+ {[%emt 0:01:22]} Kd8 {[%emt 0:00:36]} 47. Ra8 {[%emt 0:00:05]} c4+ {[%emt 0:03:58]} 48. Ke3 {[%emt 0:00:21]} c3 {[%emt 0:01:39]} 49. Bxe5 {[%emt 0:00:12]} Nc4+ {[%emt 0:03:23]} 50. Kd4 {[%emt 0:00:46]} Rxe6 {[%emt 0:01:04]} 51. dxe6 {[%emt 0:00:18]} Nxe5 {[%emt 0:00:20]} 52. Kxe5 {[%emt 0:00:09]} Kc7 {[%emt 0:00:18]} 53. Ra3 {[%emt 0:00:55]} 1-0

[Event "Chessheroes Superhero Challenge 2022"]
[Site "Randburg"]
[Date "2022.01.06"]
[Round "5.2"]
[White "Parodi, Alessandro"]
[Black "Klaver, Cornelis"]
[Result "0-1"]
[WhiteElo "1997"]
[BlackElo "2050"]
[Annotator "ChessBase"]
[PlyCount "148"]
[EventDate "2022.01.05"]
[EventType "tourn"]
[EventCountry "RSA"]
[SourceTitle "playchess.com"]
[Source "ChessBase"]
[SourceQuality "1"]
[TimeControl "5400+30"]

1. Nf3 {[%emt 0:00:14]} Nf6 {[%emt 0:00:22]} 2. c4 {[%emt 0:00:09]} e6 {[%emt 0:01:00]} 3. g3 {[%emt 0:00:11]} Nc6 {[%emt 0:02:05]} 4. Bg2 {[%emt 0:01:52]} a5 {[%emt 0:01:28]} 5. b3 {[%emt 0:01:12]} Be7 {[%emt 0:12:02]} 6. O-O {[%emt 0:01:44]} O-O {[%emt 0:00:25]} 7. Bb2 {[%emt 0:02:24]} Re8 {[%emt 0:06:16]} 8. Nc3 {[%emt 0:01:58]} d5 {[%emt 0:20:12]} 9. Rc1 {[%emt 0:05:08]} d4 {[%emt 0:04:40]} 10. Nb5 {[%emt 0:01:46]} e5 {[%emt 0:00:11]} 11. e4 {[%emt 0:01:40]} Bc5 {[%emt 0:08:03]} 12. Ne1 {[%emt 0:01:48]} Nb4 {[%emt 0:08:33]} 13. a3 {[%emt 0:08:00]} Na6 {[%emt 0:00:03]} 14. a4 {[%emt 0:05:56]} Qe7 {[%emt 0:02:48]} 15. Ra1 {[%emt 0:02:59]} c6 {[%emt 0:01:22]} 16. Na3 {[%emt 0:00:18]} Nb4 {[%emt 0:00:11]} 17. Nac2 {[%emt 0:01:39]} Bg4 {[%emt 0:04:28]} 18. Bf3 {[%emt 0:03:45]} h5 {[%emt 0:01:35]} 19. d3 {[%emt 0:12:41]} g6 {[%emt 0:02:27]} 20. Bc1 {[%emt 0:03:04]} Qd7 {[%emt 0:00:07]} 21. Bd2 {[%emt 0:01:05]} Kg7 {[%emt 0:01:02]} 22. Nxb4 {[%emt 0:00:38]} Bxb4 {[%emt 0:00:55]} 23. Bxb4 {[%emt 0:00:33]} axb4 {[%emt 0:00:04]} 24. Qd2 {[%emt 0:00:55]} Qe7 {[%emt 0:04:24]} 25. Bg2 {[%emt 0:00:54]} Nh7 {[%emt 0:00:45]} 26. Nc2 {[%emt 0:00:27]} c5 {[%emt 0:00:12]} 27. f3 {[%emt 0:02:00]} Bd7 {[%emt 0:00:04]} 28. Kf2 {[%emt 0:01:26]} Qg5 {[%emt 0:05:17]} 29. Ke2 {[%emt 0:01:04]} Qxd2+ {[%emt 0:00:37]} 30. Kxd2 {[%emt 0:00:06]} f6 {[%emt 0:02:48]} 31. Rf2 {[%emt 0:00:37]} g5 {[%emt 0:00:21]} 32. f4 {[%emt 0:02:08]} g4 {[%emt 0:00:36]} 33. Rh1 {[%emt 0:01:09]} Rh8 {[%emt 0:00:23]} 34. h3 {[%emt 0:01:11]} Nf8 {[%emt 0:01:43]} 35. hxg4 {[%emt 0:01:00]} Bxg4 {[%emt 0:00:19]} 36. Bh3 {[%emt 0:02:48]} Ne6 {[%emt 0:01:58]} 37. Ne1 {[%emt 0:00:32]} Bxh3 {[%emt 0:01:30]} 38. Rxh3 {[%emt 0:00:11]} h4 {[%emt 0:00:01]} 39. fxe5 {[%emt 0:00:30]} fxe5 {[%emt 0:00:29]} 40. gxh4 {[%emt 0:04:26]} Nf4 {[%emt 0:00:20]} 41. Rg3+ {[%emt 0:00:06]} Kf6 {[%emt 0:00:16]} 42. Rg5 {[%emt 0:01:13]} Rxh4 {[%emt 0:01:29]} 43. Rf5+ {[%emt 0:00:28]} Ke6 {[%emt 0:00:07]} 44. Nf3 {[%emt 0:00:51]} Rh5 {[%emt 0:00:26]} 45. Ng5+ {[%emt 0:02:48]} Rxg5 {[%emt 0:03:24]} 46. Rxg5 {[%emt 0:00:08]} Rh8 {[%emt 0:00:02]} 47. Rg7 {[%emt 0:03:00]} Rh3 {[%emt 0:00:24]} 48. Rxb7 {[%emt 0:02:20]} Rxd3+ {[%emt 0:00:07]} 49. Kc2 {[%emt 0:01:19]} Rc3+ {[%emt 0:00:25]} 50. Kb1 {[%emt 0:00:14]} Nd3 {[%emt 0:02:29]} 51. Rb6+ {[%emt 0:01:57]} Ke7 {[%emt 0:04:45]} 52. Rf1 {[%emt 0:03:20]} Rxb3+ {[%emt 0:00:00]} 53. Kc2 {[%emt 0:01:19]} Rc3+ {[%emt 0:00:00]} 54. Kd2 {[%emt 0:03:28]} Nb2 {[%emt 0:00:00]} 55. Rb7+ {[%emt 0:00:21]} Ke6 {[%emt 0:00:00]} 56. Rbf7 {[%emt 0:05:20]} Nxc4+ {[%emt 0:00:00]} 57. Ke2 {[%emt 0:00:15]} d3+ {[%emt 0:00:00]} 58. Kd1 {[%emt 0:02:36]} Ne3+ {[%emt 0:00:00]} 59. Kd2 {[%emt 0:00:16]} Nxf1+ {[%emt 0:00:00]} 60. Rxf1 {[%emt 0:00:04]} Ra3 {[%emt 0:00:00]} 61. Rh1 {[%emt 0:01:14]} c4 {[%emt 0:00:00]} 62. Rh6+ {[%emt 0:00:01]} Kd7 {[%emt 0:00:00]} 63. Ra6 {[%emt 0:01:04]} Ra2+ {[%emt 0:00:00]} 64. Kc1 {[%emt 0:00:57]} c3 {[%emt 0:01:07]} 65. Kb1 {[%emt 0:00:41]} Rb2+ {[%emt 0:00:11]} 66. Ka1 {[%emt 0:00:12]} d2 {[%emt 0:00:05]} 67. Ra7+ {[%emt 0:00:06]} Kc6 {[%emt 0:00:11]} 68. Ra6+ {[%emt 0:00:05]} Kc5 {[%emt 0:00:12]} 69. Ra5+ {[%emt 0:00:03]} Kc4 {[%emt 0:00:13]} 70. Rd5 {[%emt 0:00:36]} Kb3 {[%emt 0:00:10]} 71. Rd3 {[%emt 0:00:28]} Ra2+ {[%emt 0:00:33]} 72. Kb1 {[%emt 0:00:06]} d1=Q+ {[%emt 0:00:04]} 73. Rxd1 {[%emt 0:00:08]} c2+ {[%emt 0:00:02]} 74. Kc1 {[%emt 0:00:07]} Ra1+ {[%emt 0:00:09]} 0-1

[Event "Chessheroes Superhero Challenge 2022"]
[Site "Randburg"]
[Date "2022.01.06"]
[Round "5.3"]
[White "Mazibuko, Khanya"]
[Black "Du Plessis, Heinco"]
[Result "0-1"]
[WhiteElo "1940"]
[BlackElo "2003"]
[Annotator "ChessBase"]
[PlyCount "58"]
[EventDate "2022.01.05"]
[EventType "tourn"]
[EventCountry "RSA"]
[SourceTitle "playchess.com"]
[Source "ChessBase"]
[SourceQuality "1"]
[TimeControl "5400+30"]

1. e4 {[%emt 1:31:00]} c5 {[%emt 0:00:04]} 2. Nf3 {[%emt 0:00:00]} Nc6 {[%emt 0:00:05]} 3. Bb5 {[%emt 0:00:00]} g6 {[%emt 0:00:04]} 4. Bxc6 {[%emt 0:00:00]} dxc6 {[%emt 0:00:04]} 5. d3 {[%emt 0:00:00]} Bg7 {[%emt 0:00:08]} 6. h3 {[%emt 0:00:00]} e5 {[%emt 0:00:31]} 7. Be3 {[%emt 0:00:00]} b6 {[%emt 0:00:01]} 8. a4 {[%emt 0:00:00]} a5 {[%emt 0:00:01]} 9. Na3 {[%emt 0:00:00]} Ne7 {[%emt 0:00:05]} 10. Qd2 {[%emt 0:00:00]} O-O {[%emt 0:00:10]} 11. Bh6 {[%emt 0:00:00]} f6 {[%emt 1:34:47]} 12. h4 {[%emt 0:00:00]} Bg4 {[%emt 0:00:21]} 13. Nc4 {[%emt 0:00:00]} Nc8 {[%emt 0:09:39]} 14. h5 {[%emt 0:00:00]} g5 {[%emt 0:06:26]} 15. Bxg7 {[%emt 0:00:00]} Kxg7 {[%emt 0:00:01]} 16. h6+ {[%emt 0:00:00]} Kh8 {[%emt 0:03:21]} 17. Nh2 {[%emt 0:08:00]} Be6 {[%emt 1:17:57]} 18. Ne3 {[%emt 0:00:00]} Nd6 {[%emt 0:07:20]} 19. b3 {[%emt 0:00:00]} Qd7 {[%emt 0:03:09]} 20. Nhf1 {[%emt 0:00:00]} Rad8 {[%emt 0:03:59]} 21. Ng3 {[%emt 0:00:00]} Rg8 {[%emt 0:05:06]} 22. Qc3 {[%emt 0:10:30]} Ne8 {[%emt 0:18:45]} 23. Ne2 {[%emt 0:00:00]} Nc7 {[%emt 0:04:54]} 24. O-O-O {[%emt 0:00:00]} Bf7 {[%emt 0:03:18]} 25. f4 {[%emt 0:00:00]} gxf4 {[%emt 0:00:47]} 26. Nxf4 {[%emt 0:00:00]} Qd4 {[%emt 0:00:19]} 27. Qe1 {[%emt 0:00:00]} exf4 {[%emt 0:00:14]} 28. Nf5 {[%emt 0:00:00]} Qa1+ {[%emt 0:00:28]} 29. Kd2 {[%emt 0:00:00]} Rxg2+ {[%emt 0:00:02]} 0-1

[Event "Chessheroes Superhero Challenge 2022"]
[Site "Randburg"]
[Date "2022.01.06"]
[Round "5.4"]
[White "Hercules, Benjamin Vincent"]
[Black "Mabusela, Johannes Manyedi"]
[Result "0-1"]
[WhiteElo "2101"]
[BlackElo "2216"]
[Annotator "TA"]
[PlyCount "62"]
[EventDate "2022.01.05"]
[EventType "tourn"]
[EventCountry "RSA"]
[SourceTitle "playchess.com"]
[Source "ChessBase"]
[SourceQuality "1"]

{[%evp 10,62,52,35,43,46,61,0,29,23,41,13,10,-25,-12,-33,-17,-41,-26,-110,-29,-26,-31,-93,-81,-73,-78,-150,-138,-140,-133,-164,-190,-197,-186,-203,-208,-225,-170,-321,-322,-324,-303,-405,-381,-589,-582,-1110,-1110,-1101,-1083,-1079,-1060,-1075,-1007]} 1. e4 g6 2. d4 Bg7 3. Nc3 d6 4. Nf3 a6 5. a4 b6 6. Be2 Bb7 {B06: Modern Defence.} 7. O-O Nf6 8. d5 (8. e5 $14 dxe5 9. Nxe5 (9. dxe5 Qxd1 10. Rxd1 Nfd7 $14)) 8... Nbd7 {The position is equal.} 9. Nd4 {[#]} Nc5 $146 ({Predecessor:} 9... O-O 10. Bf3 Ne5 11. Be2 c6 12. f4 cxd5 13. fxe5 dxe5 14. Nf3 Nxe4 15. Nxe4 dxe4 {1-0 (45) Pandey,S (2177)-Luberanski,J (2166) Chess.com INT 2021}) 10. Bf3 O-O 11. b4 Ncd7 12. a5 b5 13. Be3 Rc8 14. h3 (14. Be2 $11 {remains equal.}) 14... Ba8 (14... c6 $17 {And now ...cxd5 would win.} 15. dxc6 Bxc6 16. Nxc6 Rxc6) 15. Qd2 Re8 16. g4 (16. Rfd1 $15) 16... c5 {Black converts the advantage convincingly.} 17. dxc6 {[#]} Ne5 18. Be2 (18. Bg2 $142) 18... Nxc6 $17 19. g5 Nd7 ({But not} 19... Nxe4 20. Nxe4 Nxd4 21. Bxd4 $11) 20. Rab1 Nce5 21. f3 {[#]} Nc4 $1 22. Bxc4 Rxc4 23. Nce2 Ne5 24. f4 $2 (24. Qe1) 24... Nc6 $19 ({Don't blunder} 24... Bxe4 $2 25. fxe5 dxe5 26. Nf3 $17) 25. Nxc6 Bxc6 26. Bb6 Qc8 27. Rb3 (27. Ng3 {was worth a try.}) 27... Bxe4 {Black is clearly winning.} 28. Ng3 {[#]} Rxc2 $1 29. Nxe4 Rxd2 30. Nxd2 Qc2 31. Be3 Bc3 {Weighted Error Value: White=0.54/Black=0.12 (very precise)} 0-1

[Event "Chessheroes Superhero Challenge 2022"]
[Site "Randburg"]
[Date "2022.01.06"]
[Round "6.1"]
[White "Du Plessis, Heinco"]
[Black "February, Jesse Nikki"]
[Result "1/2-1/2"]
[WhiteElo "2003"]
[BlackElo "1845"]
[Annotator "TA"]
[PlyCount "26"]
[EventDate "2022.01.05"]
[EventType "tourn"]
[EventCountry "RSA"]
[SourceTitle "playchess.com"]
[Source "ChessBase"]
[SourceQuality "1"]

{[%evp 9,26,6,12,0,0,-16,-31,-168,-177,-173,0,0,0,0,0,0,0,0,0]} 1. d4 d5 2. Bf4 c5 3. e3 Nc6 4. Nf3 Nf6 5. c3 cxd4 6. cxd4 {D02: 1 d4 d5 2 Nf3 sidelines, including 2...Nf6 3 g3 and 2...Nf6 3 Bf4.} Qb6 7. Nc3 Qxb2 8. Nb5 (8. Rc1 $1 $15) 8... e5 $1 $19 {Threatens to win with ...Bb4+.} ({Stronger than} 8... Ne4 9. Be2 $11 (9. Nd2 $2 Nxd2 10. Qc1 Qxc1+ 11. Rxc1 e5 $19)) 9. a3 {[#] Prevents Bb4+. Strongly threatening Rb1.} exf4 $2 {[#]} (9... Nb4 $1 $19 {[%cal Rb4c2][%mdl 512]} 10. Be2 (10. Nc7+ $2 Kd8 $19) 10... Nc2+ 11. Kf1 exf4) 10. Rb1 $146 {The position is equal.} ({Predecessor:} 10. Nc7+ Kd8 11. Nxa8 Bxa3 12. Be2 Bb4+ 13. Kf1 Bf5 14. Ne5 Nxe5 15. dxe5 Ne4 16. Qxd5+ {1-0 (32) Carlsson,L (2258)-Ratnesan,R (2258) Chess.com INT 2021}) 10... Qa2 11. Ra1 Qb2 12. Rb1 Qa2 13. Ra1 Qb2 {Weighted Error Value: White=0.36/Black=0.25 (precise)} 1/2-1/2

[Event "Chessheroes Superhero Challenge 2022"]
[Site "Randburg"]
[Date "2022.01.06"]
[Round "6.2"]
[White "Klaver, Cornelis"]
[Black "Mabusela, Johannes Manyedi"]
[Result "1/2-1/2"]
[WhiteElo "2050"]
[BlackElo "2216"]
[Annotator "TA"]
[PlyCount "67"]
[EventDate "2022.01.05"]
[EventType "tourn"]
[EventCountry "RSA"]
[SourceTitle "playchess.com"]
[Source "ChessBase"]
[SourceQuality "1"]

{[%evp 9,67,7,2,9,10,3,8,7,14,11,10,0,0,0,0,4,8,2,18,4,10,0,0,0,24,14,25,7,3,9,8,8,13,0,0,0,0,0,0,0,0,0,0,0,0,-15,-14,-25,-32,-48,-35,-43,-35,-43,0,-40,0,-41,0,-32]} 1. d4 d5 2. c4 e6 3. cxd5 exd5 4. Nc3 Nf6 5. Bf4 Bd6 6. Bxd6 {D35: Queen's Gambit Declined: Exchange Variation.} Qxd6 7. e3 Bf5 8. Nge2 {[#]} Nc6 $146 ({Predecessor:} 8... O-O 9. Ng3 Bg6 10. Bd3 Re8 11. O-O c6 12. Bxg6 hxg6 13. Qd3 Nbd7 14. Rac1 Nb6 {½-½ (21) Paehtz,E (2474)-Zawadzka,J (2368) Antakya 2010}) 9. Ng3 Bg6 10. a3 Ne7 11. Bd3 c6 12. O-O O-O 13. b4 Nd7 14. Bxg6 hxg6 15. Qd3 f5 16. Nge2 Kf7 17. f3 Kg8 18. e4 fxe4 19. fxe4 Rxf1+ 20. Rxf1 Rf8 21. Rf3 dxe4 22. Nxe4 Rxf3 23. gxf3 (23. Nxd6 $2 {perishes.} Rxd3 24. a4 Rd2 $19) 23... Qd5 24. Nf4 Qf5 25. Qb3+ Nd5 26. Nxd5 cxd5 27. Ng3 Qe6 28. Kf2 Nb6 29. a4 Nc4 30. Qd3 Qh3 31. Kg1 Qe6 32. Kf2 $1 {Inhibits Qe1+.} Qh3 33. Kg1 Qe6 34. Kf2 {Inhibits Qe1+.  Weighted Error Value: White=0.04 (flawless) /Black=0.06 (flawless)} 1/2-1/2